| 000 | 00379 a2200133 4500 | ||
|---|---|---|---|
| 001 | ART_12824 | ||
| 005 | 20260410161733.0 | ||
| 008 | 260409a | ||
| 245 | 1 | 0 | _aDesde el ojo de la tormenta |
| 100 | 1 | _aExpósito, David | |
| 700 | 1 | _aSzewach, Enrique | |
| 700 | 1 | _aBlasco, Eduardo | |
| 773 | 0 |
_tEjecutivos de finanzas _g- Año 6, Nº 49 (sep. 1988) _wREV2863 |
|
| 999 |
_c18058 _d18058 |
||